书目信息 |
| 题名: |
任新民传
|
|
| 作者: | 谭邦治 著 | |
| 分册: | ||
| 出版信息: | 北京 中国青年出版社 2016 |
|
| 页数: | 286页 | |
| 开本: | 23cm | |
| 丛书名: | 共和国科学拓荒者传记系列 | |
| 单 册: | ||
| 中图分类: | K826.16 | |
| 科图分类: | ||
| 主题词: | ||
| 电子资源: | ||
| ISBN: | 978-7-5153-2787-7 | |
| 000 | 00943oam2 2200253 450 | |
| 001 | 2153122104 | |
| 005 | 20211018173724.0 | |
| 010 | @a978-7-5153-2787-7@dCNY32.00 | |
| 100 | @a20150920d2016 em y0chiy50 ea | |
| 101 | 0 | @achi |
| 102 | @aCN@b110000 | |
| 105 | @aa z 000yb | |
| 106 | @ar | |
| 200 | 1 | @a任新民传@Aren xin min chuan@f谭邦治著 |
| 210 | @a北京@c中国青年出版社@d2016 | |
| 215 | @a286页@c照片@d23cm | |
| 225 | 2 | @a共和国科学拓荒者传记系列@Agong he guo ke xue tuo huang zhe chuan ji xi lie@h第二辑 |
| 330 | @a本书作者系任新民的秘书,长年跟随任老总活跃在航天一线,书中以其亲身经历与体会,用朴实无华语言展示了航天总总师任新民过硬的工作作风,以及这位战略科学家超前思维谋发展,霜重心红百岁春的的人生轨迹。 | |
| 461 | 0 | @12001 @a共和国科学拓荒者传记系列 |
| 600 | 0 | @a任新民@Aren xin min@x传记 |
| 690 | @aK826.16@v5 | |
| 701 | 0 | @a谭邦治@Atan bang zhi@4著 |
| 801 | 0 | @aCN@b百万庄@c20211018 |
| 905 | @b1310684-87@dK826.16@e263@f4 | |
| 任新民传/谭邦治著.-北京:中国青年出版社,2016 |
| 286页:照片;23cm.-(共和国科学拓荒者传记系列.第二辑) |
| ISBN 978-7-5153-2787-7:CNY32.00 |
| 本书作者系任新民的秘书,长年跟随任老总活跃在航天一线,书中以其亲身经历与体会,用朴实无华语言展示了航天总总师任新民过硬的工作作风,以及这位战略科学家超前思维谋发展,霜重心红百岁春的的人生轨迹。 |
| ● |
| 相关链接 |
|
|
|
|
正题名:任新民传
索取号:K826.16/263
 
预约/预借
| 序号 | 登录号 | 条形码 | 馆藏地/架位号 | 状态 | 备注 |
| 1 | 1310684 | 213106841 | 第二样本阅览室/ [索取号:K826.16/263] | 在馆 | |
| 2 | 1310685 | 213106850 | 第二借阅区/ [索取号:K826.16/263] | 在馆 | |
| 3 | 1310686 | 213106869 | 第二借阅区/ [索取号:K826.16/263] | 在馆 | |
| 4 | 1310687 | 213106878 | 第二借阅区/ [索取号:K826.16/263] | 在馆 |